000 01312nam a2200241Ia 4500
003 Ost
005 20260416102350.0
008 260416s9999||||xx |||||||||||||| ||und||
040 _cfsecg
041 _aara
082 _a658.8
100 _aبن سحنون، سمير
_eمؤلف
245 0 _aتسويق الخدمات /
_c سمير بن سحنون
260 _aالجزائر
_bجامعة الجزائر3: كلية العلوم الإقتصادية، العلوم التجارية وعلوم التسيير
_c2015
300 _a80 ورقة
_bايضاحات
_c30 سم
504 _aمراجع ص.79
520 _aمفاهيم أساسية حول الخدمات ، التسويق في قطاع الخدمات ،تخطيط الخدمات ،التسعير في قطاع الخدمات، التوزيع في قطاع الخدمات، الترويج في قطاع الخدمات ، العناصر المستحدثة في المزيج التسويقي الخدمي ، أهم مجالات تسويق الخدمات
653 _aادارة التسويق
653 _aادارة المبيعات
653 _aالتسويق
710 _aجامعة الجزائر3: كلية العلوم الإقتصادية، العلوم التجارية وعلوم التسيير
_eناشر علمي
942 _cHANDOUT
999 _c40985
_d40985